书目信息 |
| 题名: |
常见慢性病自然疗法系列:神经衰弱和失眠
|
|
| 作者: | 蔡树涛 主编 | |
| 分册: | ||
| 出版信息: | 南昌 江西科学技术出版社 2000.05 |
|
| 页数: | 338页 | |
| 开本: | 32开 | |
| 丛书名: | ||
| 单 册: | ||
| 中图分类: | R454 | |
| 科图分类: | ||
| 主题词: | 治疗学 | |
| 电子资源: | ||
| ISBN: | 7-5390-1731-7 | |
| 000 | 00624nam0 2200193 45 | |
| 001 | 0011220969 | |
| 005 | 20001122092707.0 | |
| 010 | @a7-5390-1731-7@d14.00元 | |
| 100 | @a20001122d2000 km y0chiy0120 ea | |
| 101 | 0 | @achi |
| 105 | @a z 000yy | |
| 200 | 1 | @a常见慢性病自然疗法系列:神经衰弱和失眠@AChang JianMan Xing Bing Zi Ran Liao Fa Xi Lie:ShenJing Shuai Ruo He Shi Mian@f蔡树涛主编@FCai Shu Tao Zhu Bian |
| 210 | @a南昌@c江西科学技术出版社@d2000.05 | |
| 215 | @a338页@d32开 | |
| 606 | 0 | @a治疗学 |
| 690 | @aR454@v3 | |
| 701 | 0 | @a蔡树涛@4主编 |
| 801 | @aCN@bPftUser@c20001122 | |
| 905 | @b418608-609@dR454@eC821/2@f2 | |
| 常见慢性病自然疗法系列:神经衰弱和失眠/蔡树涛主编.-南昌:江西科学技术出版社,2000.05 |
| 338页;32开 |
| ISBN 7-5390-1731-7:14.00元 |
| ● |
| 相关链接 |
|
|
|
正题名:常见慢性病自然疗法系列:神经衰弱和失眠
索取号:R454/C821/2
 
预约/预借
| 序号 | 登录号 | 条形码 | 馆藏地/架位号 | 状态 | 备注 |
| 1 | 418608 | 204186086 | 自科库401/401自科库 17排1列4层/ [索取号:R454/C821/2] | 在馆 | |
| 2 | 418609 | 204186095 | 自科库401/ [索取号:R454/C821/2] | 在馆 |